logo

Bir Sreshtho Munshi Abdur Rouf Library
Jhenaidah Cadet College

বিশ্বনবী (সা)-এর সৈনিক জীবন / (Record no. 6089)

MARC details
000 -LEADER
fixed length control field 00776nam a2200241 a 4500
001 - CONTROL NUMBER
JCCL Control Number 6089
003 - CONTROL NUMBER IDENTIFIER
JCCL marc code BD-JhCC
005 - DATE AND TIME OF LATEST TRANSACTION
control field 20200328134008.0
008 - FIXED-LENGTH DATA ELEMENTS--GENERAL INFORMATION
fixed length control field 180101s1999 bg |||| ||a| 000 0 ben d
020 ## - INTERNATIONAL STANDARD BOOK NUMBER
International Standard Book Number 984060538X
035 ## - SYSTEM CONTROL NUMBER
system control number (BD-JhCC)6089
040 ## - CATALOGING SOURCE
Original cataloging agency BD-JhCC
Modifying agency BD-JhCC
041 ## - LANGUAGE CODE
Language code of Book ben
082 ## - DEWEY DECIMAL CLASSIFICATION NUMBER
Classification number 297.63
Author mark and Year RAH 1999
100 ## - MAIN ENTRY--PERSONAL NAME
Personal name রহমান, মাহমুদুর
245 ## - TITLE STATEMENT
Title বিশ্বনবী (সা)-এর সৈনিক জীবন /
Statement of responsibility, etc মাহমুদুর রহমান
260 ## - PUBLICATION, DISTRIBUTION, ETC. (IMPRINT)
Place of publication, distribution, etc ঢাকা :
Name of publisher, distributor, etc ইসলামিক ফাউন্ডেশন বাংলাদেশ,
Date of publication, distribution, etc ১৯৯৯.
300 ## - PHYSICAL DESCRIPTION
Pagination 244 p. :
Dimensions 21 cm.
650 ## - SUBJECT ADDED ENTRY--TOPICAL TERM
Topical term or geographic name as entry element Hazrat Muhammad (Sm)
650 ## - SUBJECT ADDED ENTRY--TOPICAL TERM
Topical term or geographic name as entry element Military Life
942 ## - ADDED ENTRY ELEMENTS (KOHA)
Source of classification or shelving scheme Dewey Decimal Classification
Koha item type Books
Koha issues (borrowed), all copies 2
Holdings
Source of classification or shelving scheme Damaged status Not for loan Home library Current library Shelving location Date of accession Cost, normal purchase price Total Checkouts Full call number Barcode Date last seen Date checked out Copy number Koha item type
Dewey Decimal Classification     JCC Rouf Library JCC Rouf Library General Stacks 01/01/2018 46.00 1 297.63 RAH 1999 606 04/05/2020 03/27/2020 C - 1 Books

JCC Library | Contacts | JCC Home

Last Update on 23 September 2017
Copyright @ 2017-2020 JCC Rouf Library
Rouf Library, Jhenidah Cadet College (JCC), Bangladesh